| 000 | 00951cab a2200253 4500 | ||
|---|---|---|---|
| 001 | ABS47020 | ||
| 008 | 090401t1992 xxu||||| |||| 00| 0 eng d | ||
| 035 | _a(Sirsi) u60432 | ||
| 041 | _aeng | ||
| 100 | _aChevin, D. | ||
| 245 | _aFlat roofs: watertight theory | ||
| 260 | _c1992 | ||
| 350 | _a0 | ||
| 490 |
_aBuilding _v257(7760) 4 September 1992, 62-64(3) |
||
| 520 | _aFirst of a monthly series on building defects looking at the problems which can occur with flat roofs. Examines a guide to the design and construction of flat roofs "Flat roofing: design and good practice" to be published in the spring and offers advice on flat roof construction. | ||
| 650 | _aDEFECTS | ||
| 650 | _aDIAGNOSIS | ||
| 650 | _aFLATS ROOFS | ||
| 650 | _aBUILT ENVIRONMENT-BUILDING ELEMENTS-COMPLETE BUILDING ELEMENTS-ROOFS | ||
| 690 | _aBUILDING AND CONSTRUCTION-DEFECTS AND FAILURES | ||
| 700 | _aMacneil, J. | ||
| 942 | _n0 | ||
| 948 | _c04/03/1997 | ||
| 999 |
_c37269 _d37269 |
||